000
00309nam a2200133Ia 4500
008
190216s9999||||xx |||||||||||||| ||und||
100
_a
Brijesh Kishore Sharma
245
0
_a
Nuclear Chemistry
250
_a
1st Ed.
260
_b
Goel Pub House
300
_a
211
650
_a
Chemistry-Chemistry
942
_c
BK
999
_c
2170
_d
2170